Responses for Show #4238 - Wednesday, January 22, 2003

Contestants

[<< previous game]

Peter Thurrell, a stagehand from Chapel Hill, North Carolina

Todd Simkin, a derivatives trader from Wynnewood, Pennsylvania

Charles Rosenthal, a manager for an executive search firm from Coral Springs, Florida (whose 1-day cash winnings total $28,000)

[next game >>]

Jeopardy! Round responses

ANIMAL LIFE
MIKE TV
ZERO
FUN WITH COLORS
"MY" OH, MY!
WHAT A PEASANT SURPRISE
    $200 16
pachyderm

Todd
    $200 21
Michael Douglas

Charles
    $200 6
Beetle Bailey

Charles
    $200 11
(Charles: What is gray?)
(Peter: What is khaki?)

green

CharlesToddPeter
    $200 1
myopia

Charles
    $200 26
Don Quixote

Charles
    $400 17
(Peter: What is a cougar?)

jaguar/leopard

ToddPeter
    $400 22
Mike Wallace

Charles
    $400 7
Kelvin

Todd
    $400 12
platinum

Charles
    $400 2
Myra

Peter
    $400 27
(Charles: What is Hungary?)

England

Charles
Triple Stumper
    $600 18
humpback whale

Peter
    $600 23
Survivor

Peter
    $600 8
bond

Charles
    $600 13
(Charles: What is red?)

blue

Charles
Triple Stumper
    $600 3
mynah birds

Charles
    $600 28
1861

Charles
    $800 19
orange roughy

Todd
    $800 24
Mike Nesmith

Charles
    $1,600 9
(Charles: What is Saturday Night Live?)
...
(Alex: Todd would have known that, he's younger than all of us!)
(Charles: Yes, he is!)

Schoolhouse Rock

Charles
    $800 14
purple

Todd
    $800 4
mylar

Charles
    $800 29
Ludwig van Beethoven

Todd
    $1000 20
mite

Peter
    $1000 25
Mike Hammer

Charles
    $1000 10
abacus

Charles
    $1000 15
(Alex: Painters still use it a lot, though!)

raw umber

Triple Stumper
    $1000 5
Myanmar

Todd
    $1000 30
Bucharest, Romania

Charles

Scores at the first commercial break (after clue 15):

Charles Todd Peter
$1,400 $2,400 $200

Scores at the end of the Jeopardy! Round:

Charles Todd Peter
$5,200 $4,600 $2,000

Double Jeopardy! Round responses

MUSICAL MATTERS
OLD NEWSPAPERS
PENNSYLVANIA
SPORTS NAME SPELLING
"P"LAYS
ONE WORD OR TWO
(Alex: The correct response could be one word or it could be two words, both of them sounding exactly the same.)
    $400 1
(Charles: What is a C?)

pedal

CharlesTodd
    $400 26
[The end-of-round signal sounds.]

Paris

Charles
    $400 7
the Girl Scouts

Charles
    $400 18
(Peter: What is Earnhart?)
(Alex: It's a spelling test, gentlemen!)
(Peter: What is E‑A‑R‑N‑H‑A‑R‑T?)

E-A-R-N-H-A-R-D-T

ToddPeter
    $400 10
The Producers

Charles
    $400 2
(Peter: What is the west... wing?)
...
(Alex: West Wing is that political TV show!)

westward/west ward

ToddPeter
    $800 8
presto

Triple Stumper
    $800 17
witchcraft

Charles
    $800 20
A-G-A-S-S-I

Charles
    $800 11
The Pirates of Penzance

Charles
    $800 3
thinking/thin king

Todd
    $1200 9
(Peter: What is a downstroke?)
[Initially ruled incorrect; reversed because "[o]ur judges have accepted your response."]

downbeat

CharlesPeter
    $1200 19
Ulysses S. Grant

Charles
    $1200 21
(Peter: What is P‑E‑T‑T‑I‑T?)
...
(Alex: Minute to go now.)

P-E-T-T-I-T-T-E

Peter
Triple Stumper
    $3,000 12
Pygmalion

Charles
    $1200 4
(Peter: What is common?)

commonplace/common place

Peter
Triple Stumper
    $1600 15
bar chord

Todd
    $1,200 24
Quakers

Charles
    $1600 22
G-R-E-E-N-E

Triple Stumper
    $1600 13
Peer Gynt

Peter
    $1600 5
(Charles: What is a...brig?)

stockade/stock ade

Charles
Triple Stumper
    $2000 16
(Charles: What is serpentine?)

serpent

CharlesTodd
    $2000 25
Owen Wister

Triple Stumper
    $2000 23
W-A-L-L-Y

Triple Stumper
    $2000 14
Paint Your Wagon

Triple Stumper
    $2000 6
(Alex: Todd, I know you're glad we are done with that category!)

sisterhood/sister hood

Triple Stumper

Scores at the end of the Double Jeopardy! Round:

Charles Todd Peter
$11,400 $10,200 $1,600

[wagering suggestions for these scores]

Final Jeopardy! Round responses

THE GLOBE
(Alex: Todd wasn't revealing anything in sign language, but from the smile on his face, I have a feeling he may have come up with the correct response, or he's a really good poker player!)
PeterWhat is Brazil?
$400
ToddWhat is Indonesia?
$6,999
CharlesWhat is Sudan
$9,001
Brazil

Final scores:

Charles Todd Peter
$2,399 $3,201 $2,000
2nd place: $2,000 New champion: $3,201 3rd place: $1,000

Game dynamics:

Coryat scores:

Charles Todd Peter
$11,600 $10,200 $1,600
24 R
(including 2 DDs),
7 W
(including 1 DD)
14 R,
0 W
6 R,
6 W

Combined Coryat: $23,400

[game clues] [game scores] [suggest correction]

Game tape date: 2002-10-23
The J! Archive is created by fans, for fans. Scraping, republication, monetization, and malicious use prohibited; this site may use cookies and collect identifying information. See terms. The Jeopardy! game show and all elements thereof, including but not limited to copyright and trademark thereto, are the property of Jeopardy Productions, Inc. and are protected under law. This website is not affiliated with, sponsored by, or operated by Jeopardy Productions, Inc. Join the discussion at JBoard.tv.